00446nam a22001577a 4500003000400000082001800004100001900022245004600041260002600087300000800113650001900121653001100140942001200151952010800163999001700271SGT a617.632bH23G aGodara, Eshika aHaematological disorders and periodontics bSGT University c2024 a132 aPeriodontology aMDS LD 2ddccTH 00102ddc4071aFDbFDd2024-10-15iSGTUl0o617.632 H23GpDT2190r2024-10-15 00:00:00w2024-10-15yTH c27178d27178